LEADER 00887cam2 22002533 450 001 SOBE00042084 005 20140630140134.0 010 $a887642041X 100 $a20140403d1994 |||||ita|0103 ba 101 $aita 102 $aIT 200 0 $a1$fGiorgio Vasari 210 $aPisa$cScuola Normale Superiore$aFirenze$cAccademia della Crusca$d1994 215 $aXXII, 482 p.$d30 cm 461 1$1001SON0006262$12001 $a<>vite de' pił eccellenti pittori scultori e architettori nelle redazioni del 1550 e 1568 / Giorgio Vasari ; Paola Barocchi [et al.]$v1 801 0$aIT$bUNISOB$c20140630$gRICA 850 $aUNISOB 852 $aUNISOB$j700$m88491 912 $aSOBE00042084 940 $aM 102 Monografia moderna SBN 941 $aW 957 $a700$b002255$i-1$gSI$d88491$1rovito$2UNISOB$3UNISOB$420140403093553.0$520140403093620.0$6rovito 996 $a1$961339 997 $aUNISOB